000 00806nam a2200301Ia 4500
008 171120s9999 xx 000 0 und d
020 _a9.781842367e+012
050 _a560
050 _bC187 2007
100 _aCampbell, Andrew
245 _aPrehistoric life /
245 _cby Andrew Campbell.
260 _aEssex :
260 _bMiles Kelly,
260 _c2007
300 _a61 pages :
300 _bcolor illustrations ;
300 _c30cm.
440 _a1000 things you shouldknow about.
500 _aIncludes index.
650 _aAnimals, Fossil.
650 _aPlants, Fossil --
650 _aPrehistoric peoples.
650 _xMiscellanea -- Juvenile literature.
700 _aSeries : One thousand things you shouldknow about.
700 _aSeries.
700 _aTitle.
999 _c345146
_d345146